Programa para enseñar a tomar decisiones: guía didáctica para el tutor
Saved in:
| Main Authors: | , , |
|---|---|
| Format: | Bog |
| Sprog: | spansk |
| Udgivet: |
Barcelona
Laertes
1994
|
| Serier: | Colección Pedagogía, 73B
|
| Fag: | |
| Tags: |
Tilføj Tag
Ingen Tags, Vær først til at tagge denne postø!
|
MARC
| LEADER | 00000nam a2200000 a 4500 | ||
|---|---|---|---|
| 001 | UCN0793 | ||
| 003 | CL-VaPUC | ||
| 008 | 010330e19940000SP |||||||||||||||||spa|d | ||
| 082 | 0 | 4 | |a 371.42 |b ROD |2 21 |
| 100 | 0 | |a Rodríguez Moreno, María Luisa |e author |9 456019 | |
| 700 | 0 | |a Dorio Alcaraz, Inmaculada |e author |9 456020 | |
| 700 | 0 | |a Morey Vich, Magdalena |e author |9 456021 | |
| 245 | 1 | 0 | |a Programa para enseñar a tomar decisiones: guía didáctica para el tutor |
| 300 | |a 86 p | ||
| 942 | |c BK | ||
| 945 | |d 20010330 00:00:00 |a vberengu | ||
| 260 | |a Barcelona |b Laertes |c 1994 | ||
| 500 | |a Complemento del texto: Programa para aprender a tomar decisiones | ||
| 650 | 0 | |a Orientación vocacional |9 255692 | |
| 650 | 0 | |a Toma de decisiones |9 257530 | |
| 650 | 0 | |a Liderazgo |9 271835 | |
| 650 | 0 | |a Métodos de enseñanza |9 270413 | |
| 583 | |a last modification |c 20010330 00:00:00 |k Rodrigo Vera | ||
| 490 | 0 | |a Colección Pedagogía, 73B | |
| 999 | |c 294418 |d 294416 | ||
| 952 | |0 0 |1 0 |4 0 |6 371_420000000000000_ROD_1994 |7 0 |8 P |9 346837 |a BIBEDU |b BIBEDU |c BIBEDU_PB |d 2019-11-20 |i 3608360 |o 371.42 ROD 1994 |p 3608360 |r 2024-01-25 |w 2019-11-20 |y BK |k EPE | ||